Estatísticas para Línguas Oficiais da ONU

Clique aqui para jogar o quiz

Estatísticas Gerais

  • Esse quiz foi jogado 12 369 vezes
  • A pontuação média é 5 de 6

Estatísticas das Respostas

Língua% Correto
Inglês
100%
Espanhol
96%
Francês
93%
Mandarim
90%
Russo
77%
Árabe
61%

Distribuição das Pontuações

Percentil de Números Respondidos

Porcentagem de Pessoas com Cada Pontuação

Sua Pontuação Histórica

Você não jogou esse quiz